Microbiology & Plant pathology (Record no. 5097)

MARC details
000 -LEADER
fixed length control field 00387nam a22001697a 4500
005 - DATE AND TIME OF LATEST TRANSACTION
control field 20160701135612.0
008 - FIXED-LENGTH DATA ELEMENTS--GENERAL INFORMATION
fixed length control field 160701b xxu||||| |||| 00| 0 eng d
020 ## - INTERNATIONAL STANDARD BOOK NUMBER
ISBN 978-81-7133-994-5
041 ## - LANGUAGE CODE
Language code of text/sound track or separate title eng
082 ## - DEWEY DECIMAL CLASSIFICATION NUMBER
Item number 20612
100 ## - MAIN ENTRY--AUTHOR NAME
Personal name Sharma PD
245 ## - TITLE STATEMENT
Title Microbiology & Plant pathology
260 ## - PUBLICATION, DISTRIBUTION, ETC. (IMPRINT)
Name of publisher Rastogi
300 ## - PHYSICAL DESCRIPTION
Number of Pages 744
650 ## - SUBJECT ADDED ENTRY--TOPICAL TERM
Topical Term Agriculture
942 ## - ADDED ENTRY ELEMENTS (KOHA)
Koha item type Books
Holdings
Lost status Damaged status Collection code Home library Current library Shelving location Date acquired Source of acquisition Cost, normal purchase price Full call number Accession Number Koha item type
    Reference JRU Library JRU Library SHELF-2-A 01/07/2016 PURCHASE 525.00 632 20612 Books
    AGRICULTURE JRU Library JRU Library SHELF-45-B 01/07/2016   525.00 20612 20613 Books
    AGRICULTURE JRU Library JRU Library SHELF-45-B 01/07/2016   525.00 20612 20614 Books
    AGRICULTURE JRU Library JRU Library SHELF-45-B 01/07/2016   525.00 20612 20615 Books
    AGRICULTURE JRU Library JRU Library SHELF-45-B 01/07/2016   525.00 20612 20616 Books
    AGRICULTURE JRU Library JRU Library SHELF-45-B 01/07/2016   525.00 20612 20617 Books
    AGRICULTURE JRU Library JRU Library SHELF-45-B 01/07/2016   525.00 20612 20618 Books
    AGRICULTURE JRU Library JRU Library SHELF-45-B 01/07/2016   525.00 20612 20619 Books
    AGRICULTURE JRU Library JRU Library SHELF-45-B 01/07/2016   525.00 20612 20620 Books
    AGRICULTURE JRU Library JRU Library SHELF-45-B 01/07/2016   525.00 20612 20621 Books